Responses for Show #7100 - Friday, June 26, 2015

Contestants

[<< previous game]

Ankoor Bagchi, an attorney from Chicago, Illinois

Kat Cahill, a pharmacy technician originally from Cincinnati, Ohio

Matt Pressman, a graduate student in history from Somerville, Massachusetts (whose 3-day cash winnings total $46,700)

[next game >>]

Jeopardy! Round responses

DAISY CRAZY
THE MVP's TEAM
SAINTS
REEDING
WRITING
ARITHMETIC
    $200 4
Girl Scouts

Ankoor
    $200 15
the Denver Broncos

Ankoor
    $200 19
the pope

Kat
    $200 22
mosquitoes

Matt
    $200 1
a simile

Matt
    $200 5
75

Ankoor
    $400 8
Daisy Dukes

Kat
    $400 16
the Baltimore Orioles

Matt
    $400 26
(Matt: What is Argentina?)
...
(Alex: Ankoor, back to you with less than a minute now.)

Portugal

Matt
Triple Stumper
    $400 23
(Matt: Who is... Rex Reed? No.)

Robert Reed

Matt
Triple Stumper
    $400 2
an allusion

Matt
    $400 6
(Alex: You're good at math.)

42

Ankoor
    $600 9
Luigi

Kat
    $600 17
the (Seattle) Mariners

Ankoor
    $600 27
Assisi

Ankoor
    $600 24
John Reed

Matt
    $600 3
(Ankoor: What is historical?)

genre

KatAnkoor
    $600 7
(Matt: What is 234,500?)
(Ankoor: What is $234,050?)
...
(Kat: What is [*]?)
(Alex: That's it. Yes.)
(Kat: Awesome.)
(Alex: They narrowed it down for you. Awesome indeed. Go again.)
(Kat: Thank you, gentlemen.)

2,345

MattKatAnkoor
    $800 10
Red Ryder

Kat
    $800 12
the Miami Heat

Ankoor
    $400 30
(Ankoor: What is Constantinople?)

Carthage

Ankoor
    $800 25
the Donner Party

Ankoor
    $800 20
conjugate

Matt
    $800 13
49

Ankoor
    $1000 11
Gerbera daisies

Matt
    $1000 18
the Cleveland Cavaliers

Ankoor
    $1000 28
(Ankoor: What is crushed?)
(Matt: What is pressed?)

stoned

MattAnkoor
Triple Stumper
    $1000 29
Oregon

Ankoor
    $1000 21
(Kat: What is public domain?)

fair use

MattKat
    $1000 14
(Ankoor: Um, what is... 4... 4/10?)
...
(Alex: It's amazing when you're under pressure how even simple arithmetic can cause problems. It did for me in school.)

9/10

Ankoor
Triple Stumper

Scores at the first commercial break (after clue 15):

Matt Kat Ankoor
$1,000 $3,000 $400

Scores at the end of the Jeopardy! Round:

Matt Kat Ankoor
$2,200 $2,200 $3,000

Double Jeopardy! Round responses

THE EMMY AWARDS 1995
MOUNTAINS
SERIOUS NONFICTION
MIND & BODY
AMERICAN HISTORY
WORDS CONTAINING Q
(Alex: Not starting with the letter "Q" necessarily.)
    $400 20
NYPD Blue

Matt
    $400 9
(Mount) Fuji

Ankoor
    $400 1
[Matt selected the first clue.]

the Beagle

Ankoor
    $400 13
(Matt: What is resistance?)
(Kat: What is drug [*]?)

tolerance

MattKat
    $400 2
(Stephen) Douglas

Ankoor
    $400 7
croquet

Matt
    $800 24
Julianna Margulies

Triple Stumper
    $800 10
Denali (or Mount McKinley)

Ankoor
    $800 15
sexual

Ankoor
    $800 14
pharmacology

Matt
    $800 3
Little Big Horn

Ankoor
    $800 8
risqué

Ankoor
    $1200 22
Carl Reiner

Triple Stumper
    $1200 11
the Matterhorn

Ankoor
    $1,200 17
1491

Ankoor
    $1200 25
a mnemonic

Matt
    $2,000 4
(Ankoor: What is the Roosevelt doctrine?)

the Big Stick

Ankoor
    $1200 21
(Alex: ...with a minute to go.)

the squeal

Ankoor
    $1600 12
(Kat: I wanted to say it.)

the Catskills

Kat
    $1600 18
(David) Axelrod

Matt
    $1600 5
Pancho Villa

Ankoor
    $1600 23
unrequited

Ankoor
    $2000 16
(Ankoor: What is Sugarloaf?)
...
(Alex: What is [*]? It overlooks Sugarloaf.)

Mount Corcovado

Ankoor
Triple Stumper
    $2000 19
Future Shock

Kat
    $2000 6
(John Peter) Zenger

Matt
    $2000 26
[The end-of-round signal sounds.]

vaquero

Ankoor

Scores at the end of the Double Jeopardy! Round:

Matt Kat Ankoor
$8,200 $6,200 $12,200

[wagering suggestions for these scores]

Final Jeopardy! Round responses

NOVEL CHARACTERS
(Alex: And I think the novel is still part of the school curriculum.)
KatWho is Atticus Finch?
$6,198
MattWho is Atticus Finch?
$8,200
AnkoorWho is Atticus Finch
$4,201
Atticus Finch (from To Kill a Mockingbird)

Final scores:

Matt Kat Ankoor
$16,400 $12,398 $16,401
2nd place: $2,000 3rd place: $1,000 New champion: $16,401

Game dynamics:

Coryat scores:

Matt Kat Ankoor
$8,200 $6,200 $14,600
14 R,
5 W
9 R,
1 W
24 R
(including 1 DD),
7 W
(including 2 DDs)

Combined Coryat: $29,000

[game clues] [game scores] [suggest correction]

Game tape date: Unknown
The J! Archive is created by fans, for fans. Scraping, republication, monetization, and malicious use prohibited; this site may use cookies and collect identifying information. See terms. The Jeopardy! game show and all elements thereof, including but not limited to copyright and trademark thereto, are the property of Jeopardy Productions, Inc. and are protected under law. This website is not affiliated with, sponsored by, or operated by Jeopardy Productions, Inc. Join the discussion at JBoard.tv.